[Event "1. Bundesliga 2018/2019"]
[Site "Jenbach"]
[Date "2019.03.31"]
[Round "10"]
[Board "1"]
[White "Ragger, Markus"]
[Black "Dragnev, Valentin"]
[Result "1/2-1/2"]
[WhiteElo "2687"]
[BlackElo "2514"]
[PlyCount "60"]
[EventDate "2018.11.15"]
[EventType "team"]
[EventRounds "11"]
[EventCountry "AUT"]
[WhiteTeam "SC MPOE Maria Saal"]
[BlackTeam "mpimmo Wien - SK Ottakring"]

1.e4 e5 2.Nf3 Nc6 3.Bc4 Bc5 4.c3 Nf6 5.d3 d6 6.O-O a6 7.Re1 Ba7 8.Bb3 O-O 9.h3 Re8
10.Nbd2 Be6 11.Bc2 h6 12.Nf1 d5 13.exd5 Nxd5 14.Ng3 Qd6 15.Nh4 Qe7 16.Qh5 Rad8 17.d4
Nf4 18.Bxf4 exf4 19.Nf1 Rd5 20.Qf3 Qg5 21.Qe4 f5 22.Qf3 Ne5 23.Rxe5 Rxe5 24.dxe5 Qxh4
25.Re1 c6 26.Bb3 Bxb3 27.axb3 Bb8 28.Qd3 Ba7 29.Qf3 Bb8 30.Qd3 Ba7 1/2-1/2

[Event "1. Bundesliga 2018/2019"]
[Site "Jenbach"]
[Date "2019.03.31"]
[Round "10"]
[Board "2"]
[White "Blohberger, Felix"]
[Black "Predojevic, Borki"]
[Result "1/2-1/2"]
[WhiteElo "2464"]
[BlackElo "2621"]
[PlyCount "60"]
[EventDate "2018.11.15"]
[EventType "team"]
[EventRounds "11"]
[EventCountry "AUT"]
[WhiteTeam "mpimmo Wien - SK Ottakring"]
[BlackTeam "SC MPOE Maria Saal"]

1.e4 c6 2.Nf3 d5 3.Nc3 Bg4 4.h3 Bxf3 5.Qxf3 e6 6.Be2 Nd7 7.d4 dxe4 8.Nxe4 Ngf6 9.c3
Nxe4 10.Qxe4 Nf6 11.Qf3 Be7 12.O-O O-O 13.Bd3 Qd5 14.Qxd5 Nxd5 15.Bd2 Rfd8 16.Rad1
g6 17.Bc1 a5 18.g3 b5 19.Be4 Bf6 20.Rd3 Rac8 21.Rfd1 h5 22.Kf1 a4 23.a3 Be7 24.Ke2
f5 25.Bxd5 cxd5 26.h4 Kf7 27.Bg5 Bxg5 28.hxg5 Ke7 29.f4 Kd7 30.Kd2 Rc6 1/2-1/2

[Event "1. Bundesliga 2018/2019"]
[Site "Jenbach"]
[Date "2019.03.31"]
[Round "10"]
[Board "3"]
[White "Buhmann, Rainer"]
[Black "Schneider-Zinner, Harald"]
[Result "1-0"]
[WhiteElo "2581"]
[BlackElo "2400"]
[PlyCount "92"]
[EventDate "2018.11.15"]
[EventType "team"]
[EventRounds "11"]
[EventCountry "AUT"]
[WhiteTeam "SC MPOE Maria Saal"]
[BlackTeam "mpimmo Wien - SK Ottakring"]

1.d4 d5 2.c4 e6 3.Nf3 Nf6 4.Nc3 Be7 5.Bf4 O-O 6.e3 c5 7.dxc5 Bxc5 8.cxd5 Nxd5 9.Nxd5
exd5 10.a3 Nc6 11.Bd3 Be7 12.O-O Be6 13.Rc1 Bf6 14.b4 a6 15.h3 h6 16.Bb1 Ne7 17.Nd4
Bxd4 18.Qxd4 Rc8 19.Be5 f6 20.Rxc8 Bxc8 21.Bf4 Bf5 22.Ba2 Kh8 23.Rc1 Be6 24.Qa7 Ng6
25.Qxb7 Nxf4 26.exf4 Qd6 27.Qc7 Rd8 28.Qxd6 Rxd6 29.Kf1 Bd7 30.Ke2 Bb5+ 31.Kd2 Kh7
32.Bb1+ Kg8 33.Rc8+ Kf7 34.Rc7+ Kf8 35.f5 Bf1 36.g3 Bxh3 37.Bd3 Bg2 38.Ra7 Be4 39.Bxa6
Bxf5 40.Bd3 Bd7 41.a4 g5 42.b5 h5 43.a5 h4 44.gxh4 gxh4 45.b6 Bc6 46.Rc7 h3 1-0

[Event "1. Bundesliga 2018/2019"]
[Site "Jenbach"]
[Date "2019.03.31"]
[Round "10"]
[Board "4"]
[White "Steindl, Johannes"]
[Black "Naumann, Alexander"]
[Result "1/2-1/2"]
[WhiteElo "2264"]
[BlackElo "2541"]
[PlyCount "53"]
[EventDate "2018.11.15"]
[EventType "team"]
[EventRounds "11"]
[EventCountry "AUT"]
[WhiteTeam "mpimmo Wien - SK Ottakring"]
[BlackTeam "SC MPOE Maria Saal"]

1.e4 c5 2.Nc3 Nc6 3.Nf3 e6 4.d4 cxd4 5.Nxd4 Qc7 6.Be3 a6 7.Qf3 Nf6 8.O-O-O Ne5 9.Qg3
b5 10.Bxb5 axb5 11.Ndxb5 Qb8 12.Bf4 d6 13.Rxd6 Nh5 14.Qg5 Bxd6 15.Nxd6+ Qxd6 16.Bxe5
Ra5 17.Nd5 Qd7 18.Bxg7 Rg8 19.Qxh5 exd5 20.Qxh7 Rxg7 21.Qxg7 Rxa2 22.Qg8+ Ke7 23.Qg5+
Ke8 24.Qg8+ Ke7 25.Qg5+ Ke8 26.Qg8+ Ke7 27.Qg5+ 1/2-1/2

[Event "1. Bundesliga 2018/2019"]
[Site "Jenbach"]
[Date "2019.03.31"]
[Round "10"]
[Board "6"]
[White "Peyrer, Konstantin"]
[Black "Handler, Lukas"]
[Result "1/2-1/2"]
[WhiteElo "2199"]
[BlackElo "2412"]
[PlyCount "96"]
[EventDate "2018.11.15"]
[EventType "team"]
[EventRounds "11"]
[EventCountry "AUT"]
[WhiteTeam "mpimmo Wien - SK Ottakring"]
[BlackTeam "SC MPOE Maria Saal"]

1.e4 c5 2.Nf3 d6 3.d4 cxd4 4.Nxd4 Nf6 5.Nc3 a6 6.Bg5 Nbd7 7.Qe2 b5 8.O-O-O Bb7 9.f4
Rc8 10.e5 dxe5 11.fxe5 Rxc3 12.exf6 Rc5 13.fxe7 Bxe7 14.Bxe7 Qxe7 15.Qxe7+ Kxe7 16.Bd3
g6 17.Rhe1+ Kd8 18.Be4 Bxe4 19.Rxe4 Re8 20.Nb3 Rc6 21.Red4 Re7 22.Na5 Rf6 23.c4 Kc7
24.cxb5 axb5 25.Rd5 Kb6 26.Nc4+ bxc4 27.Rxd7 Rxd7 28.Rxd7 Kc6 29.Rd8 Kc5 30.Kc2 Rf2+
31.Rd2 Rf1 32.Rd1 Rf4 33.Kc3 Rh4 34.h3 Re4 35.b4+ cxb3 36.axb3 h5 37.Rd7 Re2 38.b4+
Kc6 39.Rxf7 Rxg2 40.Kd4 Rg3 41.Ke4 Kb5 42.Rb7+ Kc4 43.Rb6 h4 44.Kf4 Kc3 45.b5 Kc4
46.Re6 g5+ 47.Kf5 Kxb5 48.Re4 Kc5 1/2-1/2

[Event "1. Bundesliga 2018/2019"]
[Site "Jenbach"]
[Date "2019.04.01"]
[Round "11"]
[Board "1"]
[White "Dragnev, Valentin"]
[Black "Bindrich, Falko"]
[Result "1-0"]
[WhiteElo "2514"]
[BlackElo "2609"]
[PlyCount "81"]
[EventDate "2018.11.15"]
[EventType "team"]
[EventRounds "11"]
[EventCountry "AUT"]
[WhiteTeam "mpimmo Wien - SK Ottakring"]
[BlackTeam "SK Hohenems"]

1.c4 e5 2.Nc3 Nf6 3.Nf3 Nc6 4.e3 g6 5.d4 d6 6.Be2 Bg7 7.dxe5 Nxe5 8.O-O O-O 9.Nxe5
dxe5 10.b3 Qe7 11.Qc2 e4 12.Bb2 c6 13.Rad1 Bf5 14.Qc1 Rfe8 15.Ba3 Qe6 16.Na4 Bg4 17.Bxg4
Nxg4 18.h3 Ne5 19.Nc5 Qf5 20.Nxb7 Nf3+ 21.Kh1 Qh5 22.Nd6 Re6 23.Bb2 Be5 24.Bxe5 Rxe5
25.Qc2 Qh4 26.Qe2 f5 27.c5 Rf8 28.Qc4+ Kg7 29.Qc3 Kh6 30.Nc4 Re7 31.Rd6 Ng5 32.Kh2
f4 33.exf4 Qxf4+ 34.Kg1 Nf3+ 35.gxf3 Qg5+ 36.Kh2 Rxf3 37.Ne3 Qh5 38.Ng4+ Kg5 39.Qd2+
Kh4 40.Kg2 Rxh3 41.Nh2 1-0

[Event "1. Bundesliga 2018/2019"]
[Site "Jenbach"]
[Date "2019.04.01"]
[Round "11"]
[Board "2"]
[White "Schneider, Ilja"]
[Black "Blohberger, Felix"]
[Result "1/2-1/2"]
[WhiteElo "2504"]
[BlackElo "2464"]
[PlyCount "60"]
[EventDate "2018.11.15"]
[EventType "team"]
[EventRounds "11"]
[EventCountry "AUT"]
[WhiteTeam "SK Hohenems"]
[BlackTeam "mpimmo Wien - SK Ottakring"]

1.Nf3 d5 2.d4 Nf6 3.c4 e6 4.g3 Bb4+ 5.Bd2 Be7 6.Bg2 O-O 7.O-O Nbd7 8.Qc2 c6 9.Bf4
Ne4 10.Nc3 g5 11.Be3 f5 12.Ne1 Bf6 13.Nd3 Nd6 14.cxd5 exd5 15.f4 g4 16.Ne5 Bg7 17.b3
h5 18.h4 Nf6 19.Bc1 Nde4 20.Bxe4 dxe4 21.Rd1 Be6 22.Ba3 Re8 23.Rac1 Nd5 24.Nxd5 Bxd5
25.Nc4 Qd7 26.Ne3 Red8 27.Nxd5 Qxd5 28.e3 Qa5 29.Bc5 Rd5 30.a4 Qd8 1/2-1/2

[Event "1. Bundesliga 2018/2019"]
[Site "Jenbach"]
[Date "2019.04.01"]
[Round "11"]
[Board "3"]
[White "Schneider-Zinner, Harald"]
[Black "Atlas, Valery"]
[Result "1/2-1/2"]
[WhiteElo "2400"]
[BlackElo "2445"]
[PlyCount "86"]
[EventDate "2018.11.15"]
[EventType "team"]
[EventRounds "11"]
[EventCountry "AUT"]
[WhiteTeam "mpimmo Wien - SK Ottakring"]
[BlackTeam "SK Hohenems"]

1.d4 Nf6 2.g3 c5 3.c3 e6 4.Bg2 d5 5.Nf3 Be7 6.O-O O-O 7.dxc5 Bxc5 8.b4 Be7 9.a3 a5
10.Bb2 b6 11.Nbd2 axb4 12.axb4 Rxa1 13.Qxa1 Bb7 14.b5 Nbd7 15.Nd4 Qc7 16.Rc1 Ne4 17.Nxe4
dxe4 18.Qb1 Nc5 19.Rd1 Rd8 20.Nc2 Rxd1+ 21.Qxd1 Na4 22.Qa1 Qc4 23.Nd4 Bf6 24.e3 Bxd4
25.Bf1 Qb3 26.cxd4 Bd5 27.Qc1 h6 28.Ba3 Nc3 29.Qb2 Qxb2 30.Bxb2 Nb1 31.Be2 Kf8 32.Kf1
Nd2+ 33.Ke1 Nf3+ 34.Kd1 Nxh2 35.Ba3+ Ke8 36.Bd6 Kd7 37.Bf8 g6 38.Bxh6 Nf3 39.Kc2 f5
40.Kc3 Ng1 41.Bf1 Nf3 42.Be2 Ng1 43.Bf1 Nf3 1/2-1/2

[Event "1. Bundesliga 2018/2019"]
[Site "Jenbach"]
[Date "2019.04.01"]
[Round "11"]
[Board "4"]
[White "Froewis, Georg"]
[Black "Steindl, Johannes"]
[Result "1-0"]
[WhiteElo "2438"]
[BlackElo "2264"]
[PlyCount "55"]
[EventDate "2018.11.15"]
[EventType "team"]
[EventRounds "11"]
[EventCountry "AUT"]
[WhiteTeam "SK Hohenems"]
[BlackTeam "mpimmo Wien - SK Ottakring"]

1.Nf3 Nf6 2.g3 d5 3.Bg2 e6 4.d3 Be7 5.Nbd2 c5 6.e4 Nc6 7.O-O O-O 8.Re1 b5 9.e5 Nd7
10.Nf1 Bb7 11.h4 Qc7 12.Bf4 Rfc8 13.h5 h6 14.Qd2 Qd8 15.g4 Nd4 16.Nxd4 cxd4 17.Nh2
a5 18.Re2 Nb8 19.Nf3 Nc6 20.g5 hxg5 21.Bxg5 Rc7 22.Qf4 Rac8 23.Kh1 Nb4 24.Rg1 Rxc2
25.Rxc2 Rxc2 26.Bf1 Rxf2 27.Bxe7 Qxe7 28.Qg3 1-0

[Event "1. Bundesliga 2018/2019"]
[Site "Jenbach"]
[Date "2019.04.01"]
[Round "11"]
[Board "5"]
[White "Steiner, Adam"]
[Black "Baenziger, Fabian"]
[Result "1/2-1/2"]
[WhiteElo "2224"]
[BlackElo "2349"]
[PlyCount "65"]
[EventDate "2018.11.15"]
[EventType "team"]
[EventRounds "11"]
[EventCountry "AUT"]
[WhiteTeam "mpimmo Wien - SK Ottakring"]
[BlackTeam "SK Hohenems"]

1.e4 c5 2.c3 d5 3.exd5 Qxd5 4.d4 g6 5.Nf3 Bg7 6.Na3 cxd4 7.Bc4 Qe4+ 8.Be3 Nh6 9.cxd4
O-O 10.O-O Nf5 11.Qb3 Qg4 12.Ne5 Nxd4 13.Bxf7+ Kh8 14.Nxg4 Nxb3 15.Bxb3 Bxg4 16.Nb5
Nc6 17.f3 Bf5 18.Rf2 a6 19.Nc7 Rad8 20.Ne6 Bxe6 21.Bxe6 Bd4 22.Bxd4+ Rxd4 23.Re1 Rfd8
24.Rfe2 Rd2 25.Kf2 Rxe2+ 26.Rxe2 Nd4 27.Re4 Kg7 28.Bh3 Kf6 29.Ke3 Nc2+ 30.Ke2 Nd4+
31.Ke3 Nc2+ 32.Ke2 Nd4+ 33.Ke3 1/2-1/2

[Event "1. Bundesliga 2018/2019"]
[Site "Jenbach"]
[Date "2019.04.01"]
[Round "11"]
[Board "6"]
[White "Novkovic, Milan"]
[Black "Peyrer, Konstantin"]
[Result "1-0"]
[WhiteElo "2354"]
[BlackElo "2199"]
[PlyCount "81"]
[EventDate "2018.11.15"]
[EventType "team"]
[EventRounds "11"]
[EventCountry "AUT"]
[WhiteTeam "SK Hohenems"]
[BlackTeam "mpimmo Wien - SK Ottakring"]

1.d4 Nf6 2.Nf3 e6 3.c4 b6 4.Bf4 Bb7 5.e3 Be7 6.Nc3 d6 7.h3 O-O 8.Bd3 Nbd7 9.O-O Re8
10.e4 c5 11.d5 e5 12.Be3 Nf8 13.g3 Bc8 14.Kg2 Ng6 15.Rh1 h5 16.h4 Ng4 17.Bd2 Rf8 18.Qc2
Bd7 19.Ng5 Qc8 20.f3 Nh6 21.Nh3 Bxh3+ 22.Rxh3 f5 23.Bxh6 gxh6 24.exf5 Nh8 25.Qe2 Qd8
26.Rhh1 Bf6 27.Rae1 Nf7 28.Ne4 Kh8 29.Reg1 Rg8 30.Kf2 Rg7 31.a4 Qe7 32.Ke3 Rag8 33.Kd2
Qd8 34.Kc2 Qe7 35.Qh2 a6 36.Qh3 Qd8 37.g4 a5 38.g5 hxg5 39.hxg5 Nxg5 40.Qxh5+ Nh7
41.Rg6 1-0

[Event "1. Bundesliga 2018/2019"]
[Site "Jenbach"]
[Date "2019.04.01"]
[Round "11"]
[Board "1"]
[White "Michalik, Peter"]
[Black "Ragger, Markus"]
[Result "1/2-1/2"]
[WhiteElo "2577"]
[BlackElo "2687"]
[PlyCount "60"]
[EventDate "2018.11.15"]
[EventType "team"]
[EventRounds "11"]
[EventCountry "AUT"]
[WhiteTeam "SK Mayrhofen/Zell/Zillertal"]
[BlackTeam "SC MPOE Maria Saal"]

1.e4 e5 2.Nf3 Nc6 3.Nc3 Nf6 4.d4 exd4 5.Nxd4 Bb4 6.Nxc6 bxc6 7.Bd3 d5 8.exd5 O-O 9.O-O
cxd5 10.Qf3 c6 11.Bg5 Rb8 12.Ne2 Bg4 13.Bxf6 Bxf3 14.Bxd8 Bxe2 15.Bxe2 Rfxd8 16.Rfd1
Be7 17.b3 Bf6 18.Rab1 Kf8 19.c4 dxc4 20.Bxc4 Rxd1+ 21.Rxd1 Rd8 22.Rxd8+ Bxd8 23.Kf1
Ke7 24.Ke2 Bb6 25.a4 a5 26.f4 Bc5 27.Kf3 Bb4 28.Ke4 h6 29.g4 g5 30.fxg5 hxg5 1/2-1/2

[Event "1. Bundesliga 2018/2019"]
[Site "Jenbach"]
[Date "2019.04.01"]
[Round "11"]
[Board "2"]
[White "Predojevic, Borki"]
[Black "Lanka, Zigurds"]
[Result "1-0"]
[WhiteElo "2621"]
[BlackElo "2403"]
[PlyCount "95"]
[EventDate "2018.11.15"]
[EventType "team"]
[EventRounds "11"]
[EventCountry "AUT"]
[WhiteTeam "SC MPOE Maria Saal"]
[BlackTeam "SK Mayrhofen/Zell/Zillertal"]

1.e4 c5 2.Nf3 a6 3.g3 Nc6 4.d4 cxd4 5.Nxd4 g6 6.Nc3 Bg7 7.Be3 d6 8.Bg2 Bd7 9.h3 Nf6
10.Nd5 Rb8 11.O-O O-O 12.Re1 e6 13.Nxf6+ Qxf6 14.c3 Qe7 15.Qd2 b5 16.Bg5 f6 17.Be3
Ne5 18.b3 Nf7 19.Rac1 Kh8 20.c4 Rfc8 21.cxb5 axb5 22.Rxc8+ Rxc8 23.Rc1 Qe8 24.Rxc8
Qxc8 25.Qa5 f5 26.Nxb5 fxe4 27.Bxe4 d5 28.Bg2 Kg8 29.a4 Be5 30.Qb6 Qc2 31.Nd4 Qd1+
32.Kh2 h5 33.Nxe6 h4 34.Nf4 hxg3+ 35.fxg3 Bf5 36.Nxd5 Kh7 37.Qb7 Be6 38.Nf4 Qxb3 39.Qxb3
Bxb3 40.a5 Bc4 41.Be4 Kg7 42.Nxg6 Bc3 43.Bb6 Ng5 44.Bf5 Nf3+ 45.Kg2 Nd4 46.Bxd4+ Bxd4
47.Nf4 Bc3 48.Bd3 1-0

[Event "1. Bundesliga 2018/2019"]
[Site "Jenbach"]
[Date "2019.04.01"]
[Round "11"]
[Board "3"]
[White "Maiwald, Jens-Uwe"]
[Black "Buhmann, Rainer"]
[Result "0-1"]
[WhiteElo "2432"]
[BlackElo "2581"]
[PlyCount "74"]
[EventDate "2018.11.15"]
[EventType "team"]
[EventRounds "11"]
[EventCountry "AUT"]
[WhiteTeam "SK Mayrhofen/Zell/Zillertal"]
[BlackTeam "SC MPOE Maria Saal"]

1.Nf3 d5 2.g3 Bg4 3.Bg2 e6 4.d3 Nf6 5.Nbd2 Be7 6.h3 Bh5 7.g4 Bg6 8.Nh4 c5 9.Ndf3 Nc6
10.O-O Qc7 11.b3 d4 12.e4 Nd7 13.Nf5 Bf8 14.Re1 f6 15.e5 O-O-O 16.Ng3 Bf7 17.exf6
gxf6 18.a3 Nb6 19.Bd2 Nd5 20.b4 cxb4 21.axb4 Bxb4 22.Bxb4 Ndxb4 23.Qd2 Nd5 24.Qh6
e5 25.Ne4 Qe7 26.Nh4 Qf8 27.Nf5 Qxh6 28.Nxh6 Bg6 29.g5 fxg5 30.Nxg5 Rhe8 31.Ng4 Re7
32.Nf3 e4 33.dxe4 Ndb4 34.Red1 Bxe4 35.Ne1 Bxg2 36.Kxg2 h5 37.Nf6 Re5 0-1

[Event "1. Bundesliga 2018/2019"]
[Site "Jenbach"]
[Date "2019.04.01"]
[Round "11"]
[Board "4"]
[White "Kreisl, Robert"]
[Black "Tabernig, Bernhard"]
[Result "1/2-1/2"]
[WhiteElo "2397"]
[BlackElo "2296"]
[PlyCount "133"]
[EventDate "2018.11.15"]
[EventType "team"]
[EventRounds "11"]
[EventCountry "AUT"]
[WhiteTeam "SC MPOE Maria Saal"]
[BlackTeam "SK Mayrhofen/Zell/Zillertal"]

1.d4 d5 2.Bf4 Nf6 3.Nc3 e6 4.e3 c5 5.Nb5 Na6 6.Nf3 Be7 7.dxc5 Bxc5 8.Be2 O-O 9.O-O
Bd7 10.a4 Bxb5 11.axb5 Nb8 12.Ne5 Nbd7 13.Bd3 Qe7 14.Qf3 Bd6 15.Nxd7 Nxd7 16.Bxd6
Qxd6 17.e4 Ne5 18.Qg3 Rfd8 19.exd5 Qxd5 20.Be2 Ng6 21.Qf3 b6 22.Qxd5 exd5 23.c3 Rd7
24.Rfd1 Rad8 25.Ra4 Nf8 26.Rda1 Re8 27.Bf3 Ree7 28.Rd4 Re5 29.Rad1 Ne6 30.Rxd5 Rexd5
31.Rxd5 Rxd5 32.Bxd5 Nc7 33.Bc4 Kf8 34.f4 Ke7 35.Kf2 f6 36.Ke3 Kd6 37.Kd4 Ke7 38.g3
Kd6 39.b4 Ke7 40.Bd3 h6 41.c4 Kd6 42.c5+ Ke7 43.Bc4 Kd7 44.Ke4 Ke7 45.Kf5 Kf8 46.g4
Ke7 47.Kg6 Kf8 48.h3 Ne8 49.h4 Nc7 50.g5 hxg5 51.fxg5 fxg5 52.hxg5 Ne8 53.Kf5 Ke7
54.Ke5 Nc7 55.Kf5 Kf8 56.Kf4 Ke8 57.Ke4 Kd7 58.Be2 Ke6 59.Bc4+ Kd7 60.Be2 Ke6 61.Bf1
Kd7 62.Ke5 Ke7 63.Be2 Kd7 64.Bc4 Ke7 65.Be2 Kd7 66.Bg4+ Ke7 67.Be2 1/2-1/2

[Event "1. Bundesliga 2018/2019"]
[Site "Jenbach"]
[Date "2019.04.01"]
[Round "11"]
[Board "5"]
[White "Kupfner, Franz"]
[Black "Naumann, Alexander"]
[Result "0-1"]
[WhiteElo "2133"]
[BlackElo "2541"]
[PlyCount "96"]
[EventDate "2018.11.15"]
[EventType "team"]
[EventRounds "11"]
[EventCountry "AUT"]
[WhiteTeam "SK Mayrhofen/Zell/Zillertal"]
[BlackTeam "SC MPOE Maria Saal"]

1.d4 Nf6 2.Nf3 g6 3.g3 Bg7 4.Bg2 O-O 5.O-O d5 6.b3 c5 7.e3 cxd4 8.exd4 Nc6 9.Bb2 Bf5
10.a3 Qb6 11.Nbd2 Ne4 12.Nxe4 dxe4 13.Ne5 Nxe5 14.dxe5 e3 15.fxe3 Qxe3+ 16.Kh1 Rad8
17.Qf3 Qxf3 18.Bxf3 Bxc2 19.Rf2 Bxb3 20.Bxb7 Bd5+ 21.Bxd5 Rxd5 22.Re2 Rfd8 23.Kg2
Rd2 24.Rae1 e6 25.Kf2 Bf8 26.Rxd2 Rxd2+ 27.Re2 Rd3 28.a4 Bc5+ 29.Kg2 h6 30.Bc1 Kg7
31.h4 Bd4 32.Re4 a5 33.g4 Bc3 34.Be3 Rd5 35.Bf4 Bd2 36.Bg3 g5 37.h5 Bc3 38.Kf3 Kf8
39.Ke2 Ke7 40.Ke3 Kd7 41.Ke2 Bd4 42.Kf3 Kc6 43.Re2 Rc5 44.Be1 Bxe5 45.Ke4 Bg7 46.Kf3
Bc3 47.Bg3 Rc4 48.Ra2 f5 0-1

[Event "1. Bundesliga 2018/2019"]
[Site "Jenbach"]
[Date "2019.04.01"]
[Round "11"]
[Board "6"]
[White "Halvax, Georg"]
[Black "Schiestl, Josef"]
[Result "1-0"]
[WhiteElo "2405"]
[BlackElo "2118"]
[PlyCount "111"]
[EventDate "2018.11.15"]
[EventType "team"]
[EventRounds "11"]
[EventCountry "AUT"]
[WhiteTeam "SC MPOE Maria Saal"]
[BlackTeam "SK Mayrhofen/Zell/Zillertal"]

1.d4 Nf6 2.c4 g6 3.Nc3 Bg7 4.e4 d6 5.Be2 O-O 6.Be3 e5 7.d5 a5 8.g4 Na6 9.h4 Nc5 10.f3
h5 11.g5 Nfd7 12.Nh3 a4 13.Qd2 Nb6 14.O-O-O Bd7 15.Nf2 Nc8 16.Kb1 Qe7 17.Rhg1 Re8
18.Bf1 Rd8 19.Rg3 Rb8 20.Qc2 Nb6 21.Be2 Ra8 22.Rd2 Ra5 23.Rg1 Be8 24.Rdd1 Bd7 25.Qd2
Rda8 26.Kc2 Qe8 27.Qe1 Qe7 28.Nb1 Qe8 29.Na3 Qe7 30.Bd2 R5a7 31.Bb4 Na6 32.Bc3 c6
33.Qd2 c5 34.Nd3 Re8 35.Rdf1 Nc8 36.f4 exf4 37.Rxf4 Bxc3 38.bxc3 Nc7 39.Rgf1 Rf8 40.Qe3
b5 41.Kd2 Nb6 42.Rb1 Rb7 43.Qf2 bxc4 44.Ne1 Rbb8 45.Nec2 Bc8 46.Ne3 Ba6 47.Kc2 Nca8
48.Qf1 Qe5 49.Qf3 Qe7 50.Qf2 Nd7 51.Rxb8 Rxb8 52.Bxc4 Bxc4 53.Naxc4 Nab6 54.Kd3 Nxc4
55.Nxc4 Rb7 56.Rxf7 1-0

[Event "1. Bundesliga 2018/2019"]
[Site "Jenbach"]
[Date "2019.04.01"]
[Round "11"]
[Board "1"]
[White "Georgiadis, Nico"]
[Black "Menezes, Christoph"]
[Result "1/2-1/2"]
[WhiteElo "2526"]
[BlackElo "2399"]
[PlyCount "46"]
[EventDate "2018.11.15"]
[EventType "team"]
[EventRounds "11"]
[EventCountry "AUT"]
[WhiteTeam "Schachclub Sparkasse Goetzis"]
[BlackTeam "UNION Ansfelden"]

1.d4 Nf6 2.c4 e6 3.Nf3 d5 4.g3 Be7 5.Bg2 O-O 6.O-O dxc4 7.Qc2 a6 8.a4 Bd7 9.Qxc4 Bc6
10.Bf4 Bd6 11.Qc1 Bd5 12.Nc3 Nc6 13.Nxd5 exd5 14.e3 a5 15.Ne5 Nb4 16.Qd1 c6 17.Rc1
Na2 18.Ra1 Nb4 19.h4 Qe7 20.Rc1 Na2 21.Ra1 Nb4 22.Rc1 Na2 23.Ra1 Nb4 1/2-1/2

[Event "1. Bundesliga 2018/2019"]
[Site "Jenbach"]
[Date "2019.04.01"]
[Round "11"]
[Board "2"]
[White "Weiss, Christian"]
[Black "Krassowizkij, Jaroslaw"]
[Result "1/2-1/2"]
[WhiteElo "2373"]
[BlackElo "2460"]
[PlyCount "177"]
[EventDate "2018.11.15"]
[EventType "team"]
[EventRounds "11"]
[EventCountry "AUT"]
[WhiteTeam "UNION Ansfelden"]
[BlackTeam "Schachclub Sparkasse Goetzis"]

1.c4 c5 2.Nc3 g6 3.g3 Bg7 4.Bg2 Nc6 5.e3 h5 6.h3 Bxc3 7.dxc3 d6 8.b3 Qd7 9.e4 b6 10.Nf3
Bb7 11.Be3 Nf6 12.Ng5 Nd8 13.Qd3 Ne6 14.O-O-O Nxg5 15.Bxg5 Nh7 16.Bd2 f5 17.Rhg1 Nf6
18.exf5 Bxg2 19.Rxg2 Qxf5 20.Be3 Kf7 21.Rh2 Qxd3 22.Rxd3 Rag8 23.Rh1 g5 24.Re1 Nd7
25.Rdd1 Rg6 26.Rh1 Ne5 27.Kd2 g4 28.hxg4 Rxg4 29.Ke2 Ng6 30.Kf3 Ne5+ 31.Ke2 Nd7 32.Rh3
Nf6 33.Rdh1 Rhg8 34.Kd3 Ke6 35.R1h2 Kf5 36.Rh1 R4g7 37.Rh4 Rh7 38.R4h3 Kg6 39.Rh4
Ng4 40.Ke2 Rf8 41.f3 Ne5 42.Rf4 Rhf7 43.Rg1 Nd7 44.Rxf7 Rxf7 45.Bf4 Rf6 46.Rh1 Nf8
47.Be3 Ne6 48.Rh4 Ng7 49.g4 hxg4 50.Rxg4+ Kf7 51.Kf2 Nf5 52.Bd2 Rg6 53.Bc1 Rg7 54.Bd2
Rh7 55.Kg2 Nh4+ 56.Kg3 Ng6 57.Kg2 Ne5 58.Re4 Rh5 59.Bf4 Rf5 60.Bxe5 Rxe5 61.Rf4+ Ke6
62.Kf2 Rh5 63.Kg2 d5 64.cxd5+ Rxd5 65.Ra4 a5 66.Re4+ Kd6 67.Re2 c4 68.Re4 cxb3 69.axb3
Rd3 70.Rc4 b5 71.Rc8 Kd7 72.Rb8 b4 73.cxb4 Rxb3 74.Rb7+ Kc6 75.Rxe7 axb4 76.f4 Rc3
77.Re6+ Kb5 78.Re8 b3 79.Rb8+ Ka4 80.f5 Rc5 81.f6 Rf5 82.Rb6 Ka3 83.Kg3 b2 84.Kg4
Rf1 85.Kg5 Rf3 86.Rxb2 Kxb2 87.Kg6 Kc3 88.f7 Rxf7 89.Kxf7 1/2-1/2

[Event "1. Bundesliga 2018/2019"]
[Site "Jenbach"]
[Date "2019.04.01"]
[Round "11"]
[Board "3"]
[White "Kvetny, Mark"]
[Black "Felsberger, Alfred"]
[Result "1-0"]
[WhiteElo "2409"]
[BlackElo "2345"]
[PlyCount "71"]
[EventDate "2018.11.15"]
[EventType "team"]
[EventRounds "11"]
[EventCountry "AUT"]
[WhiteTeam "Schachclub Sparkasse Goetzis"]
[BlackTeam "UNION Ansfelden"]

1.c4 Nf6 2.Nc3 e5 3.Nf3 Nc6 4.e4 Bc5 5.Nxe5 Nxe5 6.d4 Bb4 7.dxe5 Nxe4 8.Qf3 d5 9.Be2
Be6 10.O-O Bxc3 11.bxc3 c6 12.cxd5 Qxd5 13.Rd1 Qxe5 14.Bf4 Qf5 15.Bd3 g5 16.Bxe4 Qxf4
17.Qxf4 gxf4 18.Rab1 O-O 19.Rxb7 Rfd8 20.Rxd8+ Rxd8 21.g4 Bxg4 22.Kg2 a5 23.Ra7 Re8
24.f3 Be6 25.Rxa5 Rb8 26.h4 Rb2+ 27.Kf1 Bxa2 28.Rg5+ Kh8 29.Bxc6 Bc4+ 30.Ke1 Rc2 31.Rc5
Rxc3 32.Kd2 Rd3+ 33.Kc2 Ba6 34.Ra5 Rd6 35.Rxa6 Rh6 36.Kd3 1-0

[Event "1. Bundesliga 2018/2019"]
[Site "Jenbach"]
[Date "2019.04.01"]
[Round "11"]
[Board "4"]
[White "Mostbauer, Florian"]
[Black "Walter, Stefan"]
[Result "1/2-1/2"]
[WhiteElo "2345"]
[BlackElo "2403"]
[PlyCount "61"]
[EventDate "2018.11.15"]
[EventType "team"]
[EventRounds "11"]
[EventCountry "AUT"]
[WhiteTeam "UNION Ansfelden"]
[BlackTeam "Schachclub Sparkasse Goetzis"]

1.Nf3 d5 2.d4 Nf6 3.Bf4 c5 4.e3 Nc6 5.Nbd2 cxd4 6.exd4 Bf5 7.c3 e6 8.Ne5 Nxe5 9.Bxe5
Nd7 10.Nf3 Nxe5 11.Nxe5 Bd6 12.Bb5+ Ke7 13.Bd3 Bxd3 14.Qxd3 Bxe5 15.dxe5 Qb6 16.O-O
Rac8 17.Qg3 Kf8 18.b3 h5 19.c4 h4 20.Qf3 dxc4 21.Rfd1 Qc6 22.Qxc6 bxc6 23.Rd4 cxb3
24.axb3 Rh5 25.f4 Rc7 26.Rd8+ Ke7 27.Ra8 Rf5 28.R1xa7 Rxa7 29.Rxa7+ Ke8 30.Ra8+ Ke7
31.Ra7+ 1/2-1/2

[Event "1. Bundesliga 2018/2019"]
[Site "Jenbach"]
[Date "2019.04.01"]
[Round "11"]
[Board "5"]
[White "Gretz, Denis"]
[Black "Ennsberger, Ulrich"]
[Result "1-0"]
[WhiteElo "2312"]
[BlackElo "2253"]
[PlyCount "59"]
[EventDate "2018.11.15"]
[EventType "team"]
[EventRounds "11"]
[EventCountry "AUT"]
[WhiteTeam "Schachclub Sparkasse Goetzis"]
[BlackTeam "UNION Ansfelden"]

1.e4 c5 2.Nf3 e6 3.d4 cxd4 4.Nxd4 a6 5.Bd3 Qb6 6.Nb3 Qc7 7.O-O Nf6 8.Nc3 d6 9.f4 Nbd7
10.Bd2 Be7 11.Qf3 b5 12.Kh1 Bb7 13.Rae1 b4 14.Nd1 d5 15.e5 Ne4 16.Be3 Ndc5 17.Nxc5
Nxc5 18.Bd4 Nxd3 19.cxd3 Bc5 20.Bxc5 Qxc5 21.f5 exf5 22.Qxf5 O-O 23.Ne3 Rae8 24.Qf4
f6 25.Nf5 fxe5 26.Rxe5 Rxe5 27.Qxe5 Rf7 28.Qe6 Kf8 29.Re1 Qc6 30.Nd6 1-0

[Event "1. Bundesliga 2018/2019"]
[Site "Jenbach"]
[Date "2019.04.01"]
[Round "11"]
[Board "6"]
[White "Mostbauer, Maximilian"]
[Black "Anistratov, Dmitrij"]
[Result "1/2-1/2"]
[WhiteElo "2170"]
[BlackElo "2298"]
[PlyCount "174"]
[EventDate "2018.11.15"]
[EventType "team"]
[EventRounds "11"]
[EventCountry "AUT"]
[WhiteTeam "UNION Ansfelden"]
[BlackTeam "Schachclub Sparkasse Goetzis"]

1.d4 Nf6 2.Nf3 d6 3.b3 g6 4.Bb2 Bg7 5.g3 O-O 6.Bg2 c5 7.dxc5 Qa5+ 8.Nbd2 Qxc5 9.O-O
Nc6 10.e3 Qh5 11.Nd4 Bg4 12.f3 Bh3 13.Nxc6 bxc6 14.Bxh3 Qxh3 15.Qe2 Qf5 16.Nc4 h5
17.Rad1 Qe6 18.Rfe1 Rfe8 19.e4 Rad8 20.e5 Nd5 21.exd6 exd6 22.Qxe6 fxe6 23.Bxg7 Kxg7
24.Nxd6 Rxd6 25.c4 Kf6 26.cxd5 cxd5 27.f4 e5 28.fxe5+ Rxe5 29.Kf2 Ra6 30.a4 Rb6 31.Rd3
Rxe1 32.Kxe1 Ke5 33.Kd2 d4 34.Rf3 a5 35.h4 Kd5 36.Ke2 Kc5 37.Kd2 Kd5 38.Ke2 Rc6 39.Kd2
Ke5 40.Rf8 Rc3 41.Ra8 Rxb3 42.Rxa5+ Ke4 43.Rg5 Rb2+ 44.Kc1 Ra2 45.Rxg6 Rxa4 46.g4
Ra1+ 47.Kd2 Ra2+ 48.Kc1 Rh2 49.gxh5 Rxh4 50.Rg3 Rxh5 51.Kd2 Rh2+ 52.Kd1 Kd5 53.Ra3
Kc5 54.Rg3 Kb4 55.Rf3 Rb2 56.Rg3 Kc4 57.Rh3 Rb5 58.Kd2 Rg5 59.Rf3 Rg4 60.Rh3 Rg2+
61.Kd1 Kd5 62.Rf3 Rg1+ 63.Kd2 Ke4 64.Rh3 Rg4 65.Ra3 Rh4 66.Rg3 Rh2+ 67.Kd1 Kf4 68.Ra3
Rf2 69.Rh3 Ke4 70.Rg3 Rh2 71.Ra3 Kd5 72.Rg3 Rh4 73.Kd2 Kc4 74.Ra3 Rg4 75.Rf3 d3 76.Rf8
Rg2+ 77.Kd1 Rg4 78.Rc8+ Kd4 79.Rd8+ Ke3 80.Re8+ Re4 81.Rxe4+ Kxe4 82.Kd2 Kd4 83.Kd1
Kc3 84.Kc1 Kd4 85.Kd2 Ke4 86.Kd1 Kf3 87.Kd2 Ke4 1/2-1/2